<?xml version="1.0" encoding="UTF-8"?>
<record
    xmlns:xsi="http://www.w3.org/2001/XMLSchema-instance"
    xsi:schemaLocation="http://www.loc.gov/MARC21/slim http://www.loc.gov/standards/marcxml/schema/MARC21slim.xsd"
    xmlns="http://www.loc.gov/MARC21/slim">

  <leader>01380nam a22001697a 4500</leader>
  <controlfield tag="008">121128t        xxu||||| |||| 00| 0 eng d</controlfield>
  <datafield tag="020" ind1=" " ind2=" ">
    <subfield code="a">9780194369312</subfield>
  </datafield>
  <datafield tag="100" ind1=" " ind2=" ">
    <subfield code="a">Soars, Liz</subfield>
  </datafield>
  <datafield tag="245" ind1=" " ind2=" ">
    <subfield code="a">New headway advanced teachers's  book. /</subfield>
    <subfield code="c">Liz Soars, John Soars and Mike Sayer</subfield>
  </datafield>
  <datafield tag="260" ind1=" " ind2=" ">
    <subfield code="a">New York:</subfield>
    <subfield code="b">Oxford University Press,</subfield>
    <subfield code="c">2003.</subfield>
  </datafield>
  <datafield tag="300" ind1=" " ind2=" ">
    <subfield code="a">159 p.</subfield>
    <subfield code="b">ill. :</subfield>
    <subfield code="c">25cm.</subfield>
  </datafield>
  <datafield tag="505" ind1=" " ind2=" ">
    <subfield code="a">Contents: Introduction -- Avoiding repetition - Describing nationalities - British and American English -- Phrasal verbs-tense review - sounds and spelling -- Describing trends - comparing statistics - adverbs 1 - word linking -- Synonyms and antonyms 1 - discourse markers - tags and replies -- Ways of adding emphasis - proverbs and poetry - getting emotional -- Distancing the facts - nouns formed from phrasal verbs - responding to news -- Modal auxiliary verbs - rhyme amd reason - breaking the rules of English -- Metaphors and idioms - real and unreal tense usage - softening the message -- Verb patterns - homonyms, homophones and homographs - telling jokes -- Sports - Intensifying adverbs - the body - cliches -- Relatives and participles - compound nouns and adjectives - idiomatic expressions -- Linking devices - synonyms and antonyms 2 - euphemisms.</subfield>
  </datafield>
  <datafield tag="650" ind1=" " ind2=" ">
    <subfield code="a">English language  </subfield>
    <subfield code="b">Problems, exercises, etc.</subfield>
  </datafield>
  <datafield tag="700" ind1=" " ind2=" ">
    <subfield code="a">Soars, John</subfield>
  </datafield>
  <datafield tag="700" ind1=" " ind2=" ">
    <subfield code="a">Sayers, Mike.</subfield>
  </datafield>
  <datafield tag="942" ind1=" " ind2=" ">
    <subfield code="2">lcc</subfield>
    <subfield code="c">BK</subfield>
  </datafield>
  <datafield tag="999" ind1=" " ind2=" ">
    <subfield code="c">2607</subfield>
    <subfield code="d">10107</subfield>
  </datafield>
  <datafield tag="952" ind1=" " ind2=" ">
    <subfield code="0">0</subfield>
    <subfield code="1">0</subfield>
    <subfield code="2">lcc</subfield>
    <subfield code="4">0</subfield>
    <subfield code="7">0</subfield>
    <subfield code="a">WIUC-1</subfield>
    <subfield code="b">WIUC-1</subfield>
    <subfield code="c">REF</subfield>
    <subfield code="d">2012-11-28</subfield>
    <subfield code="l">0</subfield>
    <subfield code="p">6529/12</subfield>
    <subfield code="r">2012-11-28 00:00:00</subfield>
    <subfield code="t">1</subfield>
    <subfield code="w">2012-11-28</subfield>
    <subfield code="y">BK</subfield>
  </datafield>
  <datafield tag="952" ind1=" " ind2=" ">
    <subfield code="0">0</subfield>
    <subfield code="1">0</subfield>
    <subfield code="2">lcc</subfield>
    <subfield code="4">0</subfield>
    <subfield code="7">0</subfield>
    <subfield code="a">WIUC-1</subfield>
    <subfield code="b">WIUC-1</subfield>
    <subfield code="c">REF</subfield>
    <subfield code="d">2012-11-28</subfield>
    <subfield code="l">0</subfield>
    <subfield code="p">6530/12</subfield>
    <subfield code="r">2012-11-28 00:00:00</subfield>
    <subfield code="t">2</subfield>
    <subfield code="w">2012-11-28</subfield>
    <subfield code="y">BK</subfield>
  </datafield>
</record>
